La creatividad en C.P.U

Bewaard in:
Bibliografische gegevens
Hoofdauteur: López Pérez, Ricardo (autor)
Formaat: Boek
Taal:Spaans
Gepubliceerd in: Santiago C.P.U 1994
Reeks:Documento de Trabajo, 20
Onderwerpen:
Tags: Voeg label toe
Geen labels, Wees de eerste die dit record labelt!

MARC

LEADER 00000nam a2200000 a 4500
001 UCZ7520
003 CL-VaPUC
008 960105e19940700CL |||||||||||||||||spa|d
082 0 4 |a 370.118  |b LOP  |2 21 
100 |a López Pérez, Ricardo  |e autor  |9 569668 
245 1 3 |a La creatividad en C.P.U 
300 |a 19 p 
942 |c BK 
945 |d 19960105 00:00:00  |a cmena 
260 |a Santiago  |b C.P.U  |c 1994 
650 0 |a Creatividad   |9 310816 
650 7 |a ROL CREATIVO  |2 CL-VaPUC  |9 336255 
650 7 |a MATERIAL IMPRESO  |2 CL-VaPUC  |9 352448 
650 0 |a Monografías   |9 352449 
650 0 |a Bibliografías   |9 257071 
583 |a last modification  |c 19960105 00:00:00  |k Rodrigo Vera 
490 0 |a Documento de Trabajo, 20 
999 |c 243587  |d 243585